| LEADER 00000nama 2200000uu 4500 |
| 001 196393 |
| 003 ULIBM |
| 008 040531s|||| th m m a000 0 tha d |
| 020 974-96226-01-x |
| 041 tha |
| 050 วจ WX157 จ558 2546 |
| 100 จีรวรรณ ดนัยตั้งตระกูล. |
| 245 รายงานการวิจัยเรื่อง การศึกษาต้นทุนต่อหน่วยกิจกรรมการบริการผู้ป่วยฉุกเฉิน ณ จุดเกิดเหตุ โรงพยาบาลขอนแก่น = Unit Cost of Emergency Medical Service Khon Kaen Hospital by Jeerawan Danaitangtragul. |
| 260 ขอนแก่น. สำนักงานบริหารโครงการวิจัยและตำรา โรงพยาบาลขอนแก่น. 2546. |
| 440 Report No. 94-2003-15 |
| 600 ค่าใช้จ่ายในการรักษาพยาบาล--ไทย--ขอนแก่น--วิจัย. |
| 650 ค่าบริการทางการแพทย์--ไทย--ขอนแก่น--วิจัย. |
| 995 001 |